000 01592cam a22003854a 4500
001 14318311
003 OSt
005 20230202163443.0
008 060327s2007 enkab b 001 0 eng
010 _a 2006010326
016 7 _a101272538
_2DNLM
020 _a9780195175448
035 _a(OCoLC)ocm65341108
035 _a(OCoLC)65341108
040 _aDNLM/DLC
_cDLC
_dNLM
_dBAKER
_dBTCTA
_dC#P
_dYDXCP
_dVAM
_dDLC
042 _apcc
050 0 0 _aRC261
_b.R85 2007
100 1 _aRuddon, Raymond W.,
_d1936-
245 1 0 _aCancer biology /
_cRaymond W. Ruddon.
250 _a4th ed.
260 _aOxford ;
_aNew York :
_bOxford University Press,
_c2007.
300 _axiv, 530 p. :
504 _aIncludes bibliographical references and index.
505 0 _aCharacteristics of human cancer -- Causes of cancer -- The epidemiology of human cancer -- The biochemistry and cell biology of cancer -- Molecular genetics of cancer -- Tumor immunology -- Cancer diagnosis -- Sequelae of cancer and its treatment -- Cancer prevention.
650 0 _aCancer.
650 0 _aCarcinogenesis.
650 0 _aMolecular biology.
650 1 2 _aCell Transformation, Neoplastic.
650 1 2 _aNeoplasms
_xetiology.
856 4 1 _3Table of contents only
_uhttp://www.loc.gov/catdir/toc/ecip0611/2006010326.html
856 4 2 _3Publisher description
_uhttp://www.loc.gov/catdir/enhancements/fy0723/2006010326-d.html
906 _a7
_bcbc
_corignew
_d1
_eecip
_f20
_gy-gencatlg
942 _2lcc
_cBK
999 _c19904
_d19903